[Event "Cheliabinsk Panchenko Memorial op-A"]
[Site "Cheliabinsk"]
[Date "2022.09.21"]
[Round "10"]
[White "Gabrielian, Artur"]
[Black "Berzinsh, Roland"]
[Result "1-0"]
[WhiteElo "2472"]
[BlackElo "2365"]
[PlyCount "60"]
[EventDate "2022.09.12"]
[EventType "swiss"]
[EventRounds "10"]
[EventCountry "RUS"]
[SourceTitle "CBM 210 Extra"]
[Source "ChessBase"]
[SourceDate "2022.11.30"]
[SourceVersion "1"]
[SourceVersionDate "2022.11.30"]
[SourceQuality "1"]

1. e4 e5 2. Nf3 Nc6 3. Bc4 Nf6 4. d3 Be7 5. 0-0 0-0 6. Re1 d6 7. a4 a5 8. c3 h6 9. Nbd2 Nd7 10. Nf1 Nb6 11. Bb3 Be6 12. Ng3 Qd7 13. Be3 Ra6 14. d4 exd4 15. Nxd4 Nxd4 16. Bxd4 c5 17. Be3 d5 18. Nf5 Bxf5 19. exf5 Rd8 20. Qg4 Na8 21. Rad1 Nc7 22. Bf4 Rb6 23. Bxc7 Qxc7 24. Bxd5 Rxb2 25. Qc4 Rf8 26. g4 Bf6 27. Rd3 Rb8 28. Rde3 Rf8 29. Qe4 Qd7 30. Bc4 Qc6 1-0

[Event "Cheliabinsk Panchenko Memorial op-A"]
[Site "Cheliabinsk"]
[Date "2022.09.20"]
[Round "9"]
[White "Berzinsh, Roland"]
[Black "Zarubitski, Viachaslau"]
[Result "1/2-1/2"]
[WhiteElo "2365"]
[BlackElo "2460"]
[PlyCount "35"]
[EventDate "2022.09.12"]
[EventType "swiss"]
[EventRounds "10"]
[EventCountry "RUS"]
[SourceTitle "CBM 210 Extra"]
[Source "ChessBase"]
[SourceDate "2022.11.30"]
[SourceVersion "1"]
[SourceVersionDate "2022.11.30"]
[SourceQuality "1"]

1. e4 c5 2. Nf3 Nc6 3. Bb5 d6 4. 0-0 Bd7 5. Re1 Nf6 6. c3 a6 7. Bf1 Bg4 8. h3 Bxf3 9. Qxf3 g6 10. d3 Bg7 11. Nd2 0-0 12. Qd1 Nd7 13. Nf3 Nde5 14. Nh2 Nd7 15. Nf3 Nde5 16. Nh2 Nd7 17. Nf3 Nde5 18. Nh2 1/2-1/2

[Event "Cheliabinsk Panchenko Memorial op-A"]
[Site "Cheliabinsk"]
[Date "2022.09.18"]
[Round "7"]
[White "Berzinsh, Roland"]
[Black "Goganov, Aleksey"]
[Result "0-1"]
[WhiteElo "2365"]
[BlackElo "2527"]
[PlyCount "78"]
[EventDate "2022.09.12"]
[EventType "swiss"]
[EventRounds "10"]
[EventCountry "RUS"]
[SourceTitle "CBM 210 Extra"]
[Source "ChessBase"]
[SourceDate "2022.11.30"]
[SourceVersion "1"]
[SourceVersionDate "2022.11.30"]
[SourceQuality "1"]

1. e4 e5 2. Nf3 Nc6 3. Bc4 Bc5 4. c3 Nf6 5. d4 exd4 6. cxd4 Bb4+ 7. Bd2 Nxe4 8. Bxb4 Nxb4 9. Bxf7+ Kxf7 10. Qb3+ Kf8 11. Qxb4+ Qe7 12. Qxe7+ Kxe7 13. 0-0 Kd8 14. Re1 Nf6 15. Ng5 Rf8 16. Nc3 d6 17. f3 a5 18. Rac1 Bd7 19. Nb5 Nd5 20. Nc3 Nxc3 21. Rxc3 h6 22. Ne6+ Bxe6 23. Rxe6 Kd7 24. Rg6 Rf7 25. Rb3 Kc6 26. d5+ Kxd5 27. Rxb7 Kc6 28. Rb3 a4 29. Rc3+ Kb5 30. a3 Ra6 31. Kf2 c5 32. h4 c4 33. Re3 Rb7 34. g4 Kc5 35. Kg3 Rxb2 36. Rxg7 d5 37. h5 Rb3 38. Rc7+ Kd4 39. Re1 Re3 0-1

[Event "Cheliabinsk Panchenko Memorial op-A"]
[Site "Cheliabinsk"]
[Date "2022.09.13"]
[Round "2"]
[White "Afanasiev, Nikita"]
[Black "Berzinsh, Roland"]
[Result "1/2-1/2"]
[WhiteElo "2564"]
[BlackElo "2365"]
[PlyCount "53"]
[EventDate "2022.09.12"]
[EventType "swiss"]
[EventRounds "10"]
[EventCountry "RUS"]
[SourceTitle "CBM 210 Extra"]
[Source "ChessBase"]
[SourceDate "2022.11.30"]
[SourceVersion "1"]
[SourceVersionDate "2022.11.30"]
[SourceQuality "1"]

1. c4 e6 2. Nc3 c5 3. Nf3 Nf6 4. g3 b6 5. Bg2 Bb7 6. 0-0 Be7 7. d4 cxd4 8. Qxd4 0-0 9. Bf4 Nc6 10. Qd2 Na5 11. b3 Bb4 12. Qb2 d5 13. Rfd1 Qe7 14. cxd5 Bxc3 15. Qxc3 Nxd5 16. Qd2 f6 17. e4 Nxf4 18. Qxf4 e5 19. Qe3 Rfd8 20. h4 Rxd1+ 21. Rxd1 Rd8 22. Rxd8+ Qxd8 23. Qe2 Qd6 24. h5 Nc6 25. Kh2 Kf8 26. Qc4 Qc5 27. Qd3 1/2-1/2

[Event "Riga Tech Rapid op"]
[Site "Riga"]
[Date "2022.08.14"]
[Round "5"]
[White "Berzinsh, Roland"]
[Black "Ser, Daniel"]
[Result "1-0"]
[WhiteElo "2365"]
[BlackElo "1770"]
[PlyCount "105"]
[EventDate "2022.08.14"]
[EventType "swiss (rapid)"]
[EventRounds "9"]
[EventCountry "LAT"]
[SourceTitle "CBM 209 Extra"]
[Source "ChessBase"]
[SourceDate "2022.09.30"]
[SourceVersion "1"]
[SourceVersionDate "2022.09.30"]
[SourceQuality "1"]

1. e4 c6 2. d4 d5 3. e5 Bf5 4. Nd2 e6 5. Nb3 a6 6. Nf3 c5 7. dxc5 Bxc5 8. Nxc5 Qa5+ 9. c3 Qxc5 10. Nd4 Ne7 11. Qa4+ Nbc6 12. Be3 Qa5 13. Qxa5 Nxa5 14. Nxf5 Nxf5 15. Bc5 Rc8 16. b4 Nc6 17. f4 h5 18. a4 d4 19. Rc1 Nce7 20. g3 0-0 21. c4 Rfd8 22. a5 Nc6 23. Bb6 Rd7 24. b5 Nb4 25. Rb1 d3 26. Rxb4 axb5 27. Kd2 bxc4 28. Kc3 f6 29. Rxc4 Rxc4+ 30. Kxc4 d2 31. Be2 fxe5 32. fxe5 Rd5 33. Rd1 Rxe5 34. Rxd2 Re4+ 35. Kb3 h4 36. Bf3 Re5 37. gxh4 Nxh4 38. Bxb7 g5 39. Kb4 g4 40. a6 Nf3 41. Bxf3 gxf3 42. a7 Rf5 43. a8Q+ Rf8 44. Qe4 e5 45. Rd7 Rf4 46. Qxf4 exf4 47. Bf2 Kh8 48. Kc4 Kg8 49. Kd5 Kh8 50. Ke6 Kg8 51. Kf6 Kh8 52. Kg6 Kg8 53. Rd8# 1-0

[Event "Riga Tech Rapid op"]
[Site "Riga"]
[Date "2022.08.14"]
[Round "6"]
[White "Hryzlova, Sofiia"]
[Black "Berzinsh, Roland"]
[Result "0-1"]
[WhiteElo "2293"]
[BlackElo "2365"]
[PlyCount "58"]
[EventDate "2022.08.14"]
[EventType "swiss (rapid)"]
[EventRounds "9"]
[EventCountry "LAT"]
[SourceTitle "CBM 209 Extra"]
[Source "ChessBase"]
[SourceDate "2022.09.30"]
[SourceVersion "1"]
[SourceVersionDate "2022.09.30"]
[SourceQuality "1"]

1. d4 d5 2. c4 dxc4 3. e4 Nc6 4. Nf3 Bg4 5. Be3 Bxf3 6. gxf3 e6 7. Bxc4 Bb4+ 8. Nc3 Qf6 9. Bb5 Nge7 10. a3 Ba5 11. b4 Bb6 12. e5 Qh4 13. Ne4 h6 14. Rc1 0-0 15. Rg1 Rad8 16. Bxc6 Nxc6 17. Rxc6 bxc6 18. Qd3 Kh8 19. Ke2 Qh5 20. Rg4 Qf5 21. h4 Rd7 22. Qd2 Qh7 23. Ng3 Rfd8 24. Nh5 Rg8 25. Bxh6 f5 26. Rg1 Rxd4 27. Qc2 Qxh6 28. Rg5 Rxh4 29. f4 Rxh5 0-1

[Event "Riga Tech Rapid op"]
[Site "Riga"]
[Date "2022.08.14"]
[Round "8"]
[White "Stauskas, Lukas"]
[Black "Berzinsh, Roland"]
[Result "1/2-1/2"]
[WhiteElo "2348"]
[BlackElo "2365"]
[PlyCount "74"]
[EventDate "2022.08.14"]
[EventType "swiss (rapid)"]
[EventRounds "9"]
[EventCountry "LAT"]
[SourceTitle "CBM 209 Extra"]
[Source "ChessBase"]
[SourceDate "2022.09.30"]
[SourceVersion "1"]
[SourceVersionDate "2022.09.30"]
[SourceQuality "1"]

1. d4 d5 2. c4 dxc4 3. Nf3 Nf6 4. Nc3 a6 5. e4 b5 6. e5 Nd5 7. a4 e6 8. axb5 Bb4 9. Bd2 Nb6 10. Ne4 Qd5 11. Bxb4 Qxe4+ 12. Be2 axb5 13. Rxa8 Qxa8 14. 0-0 Nd5 15. Qd2 Qa4 16. Bc5 h6 17. Qc1 Na6 18. Ba3 Bd7 19. Nd2 Qa5 20. Re1 Qb6 21. Nxc4 bxc4 22. Qxc4 Nab4 23. Bf3 Bb5 24. Qb3 Qxd4 25. Bxd5 exd5 26. Bxb4 c5 27. Bc3 Qc4 28. Qxc4 Bxc4 29. b4 d4 30. Bd2 cxb4 31. Bxb4 Bb5 32. Bc5 d3 33. Rb1 d2 34. Be3 0-0 35. Bxd2 Bc4 36. Be3 Rd8 37. Rc1 Bb3 1/2-1/2

[Event "LAT-ch"]
[Site "Riga"]
[Date "2022.05.02"]
[Round "7"]
[White "Krilovs, Nikolaijs"]
[Black "Berzinsh, Roland"]
[Result "0-1"]
[WhiteElo "2041"]
[BlackElo "2377"]
[PlyCount "68"]
[EventDate "2022.04.27"]
[EventType "swiss"]
[EventRounds "9"]
[EventCountry "LAT"]
[SourceTitle "CBM 208 Extra"]
[Source "ChessBase"]
[SourceDate "2022.07.31"]
[SourceVersion "1"]
[SourceVersionDate "2022.07.31"]
[SourceQuality "1"]

1. d4 d5 2. c4 dxc4 3. e4 c5 4. d5 Nf6 5. Nc3 b5 6. e5 b4 7. exf6 bxc3 8. bxc3 Nd7 9. Qa4 exf6 10. Bf4 Qb6 11. Bxc4 Bd6 12. Ne2 Bxf4 13. Nxf4 0-0 14. 0-0 Qd6 15. Be2 Qe5 16. Bf3 Nb6 17. Qe4 Bf5 18. Qxe5 fxe5 19. Nh5 Bd3 20. Rfe1 Rae8 21. Rad1 e4 22. Ng3 f5 23. Nxf5 exf3 24. Ne7+ Kf7 25. Rxd3 Rxe7 26. Rxf3+ Ke8 27. Rxe7+ Kxe7 28. d6+ Ke8 29. Re3+ Kd8 30. h4 Rf7 31. Re5 Na4 32. c4 Kd7 33. Rd5 Kc6 34. g4 Nb6 0-1

[Event "Cheliabinsk Variation-A"]
[Site "Cheliabinsk"]
[Date "2022.04.09"]
[Round "8"]
[White "Berzinsh, Roland"]
[Black "Matsenko, Andrei"]
[Result "1-0"]
[WhiteElo "2377"]
[BlackElo "2277"]
[PlyCount "41"]
[EventDate "2022.04.01"]
[EventType "swiss"]
[EventRounds "9"]
[EventCountry "RUS"]
[SourceTitle "CBM 207 Extra"]
[Source "ChessBase"]
[SourceDate "2022.05.31"]
[SourceVersion "1"]
[SourceVersionDate "2022.05.31"]
[SourceQuality "1"]

1. Nc3 g6 2. e4 c6 3. d4 d5 4. e5 Bg7 5. f4 h5 6. Nf3 Bg4 7. h3 Bxf3 8. Qxf3 e6 9. g3 Nd7 10. Be3 b5 11. Bd3 a5 12. a4 b4 13. Ne2 Rc8 14. g4 Ne7 15. f5 hxg4 16. hxg4 Rxh1+ 17. Qxh1 gxf5 18. gxf5 Nxf5 19. Bxf5 exf5 20. Qh7 Bf8 21. 0-0-0 1-0

[Event "Cheliabinsk Variation-A"]
[Site "Cheliabinsk"]
[Date "2022.04.02"]
[Round "2"]
[White "Berzinsh, Roland"]
[Black "Shoboev, Dandar"]
[Result "1-0"]
[WhiteElo "2377"]
[BlackElo "2221"]
[PlyCount "105"]
[EventDate "2022.04.01"]
[EventType "swiss"]
[EventRounds "9"]
[EventCountry "RUS"]
[SourceTitle "CBM 207 Extra"]
[Source "ChessBase"]
[SourceDate "2022.05.31"]
[SourceVersion "1"]
[SourceVersionDate "2022.05.31"]
[SourceQuality "1"]

1. e4 c5 2. Nf3 d6 3. d4 cxd4 4. Nxd4 Nf6 5. Nc3 Nc6 6. Bc4 e6 7. Bb3 a6 8. 0-0 Qc7 9. Be3 Na5 10. f4 b5 11. f5 e5 12. Nde2 Bb7 13. Nd5 Bxd5 14. Bxd5 Nc4 15. Bxa8 Nxe3 16. Qd3 Nxf1 17. Kxf1 Be7 18. Qc3 Kd7 19. Bd5 Nxd5 20. exd5 Qxc3 21. bxc3 Kc7 22. a4 Kb6 23. axb5 axb5 24. Ng3 Rc8 25. Ne4 Rc4 26. Re1 b4 27. Kf2 bxc3 28. Rb1+ Kc7 29. Kf3 Rd4 30. Nxc3 Rf4+ 31. Ke2 Rxf5 32. Nb5+ Kd8 33. Ra1 Rf4 34. Ra8+ Kd7 35. Ra7+ Ke8 36. Ra8+ Bd8 37. Nxd6+ Kd7 38. g3 Rf6 39. Ne4 Rh6 40. Ra7+ Ke8 41. h4 Be7 42. c4 f5 43. Ng5 Bxg5 44. hxg5 Rg6 45. c5 Kd8 46. d6 h6 47. Kd3 f4 48. gxf4 exf4 49. gxh6 gxh6 50. Ke4 Ke8 51. Kxf4 Rg5 52. c6 Rc5 53. Ra8+ 1-0

[Event "LAT-ch"]
[Site "Riga"]
[Date "2021.09.21"]
[Round "6"]
[White "Starostits, Ilmars"]
[Black "Berzinsh, Roland"]
[Result "1/2-1/2"]
[WhiteElo "2428"]
[BlackElo "2364"]
[PlyCount "86"]
[EventDate "2021.09.17"]
[EventType "swiss"]
[EventRounds "8"]
[EventCountry "LAT"]
[SourceTitle "EXT 2022"]
[Source "ChessBase"]
[SourceDate "2021.10.06"]
[SourceVersion "1"]
[SourceVersionDate "2021.10.06"]
[SourceQuality "1"]

1. d4 d5 2. c4 dxc4 3. e4 e5 4. Nf3 exd4 5. Bxc4 Bb4+ 6. Nbd2 Nc6 7. Qb3 Qe7 8. Bd5 Nf6 9. 0-0 0-0 10. Nc4 Na5 11. Nxa5 Bxa5 12. Bg5 h6 13. Bxf6 Qxf6 14. e5 Qe7 15. Qa4 Bb6 16. Rfe1 Rd8 17. Be4 c6 18. Rad1 Qc5 19. Rd3 Be6 20. Red1 Qc4 21. Qxc4 Bxc4 22. R3d2 Bxa2 23. Nxd4 Bd5 24. Bc2 a5 25. Nf5 Kf8 26. h4 Re8 27. Re1 Bc5 28. Rde2 a4 29. Kh2 a3 30. bxa3 Rxa3 31. f4 Ra2 32. Be4 Rxe2 33. Rxe2 Bxe4 34. Rxe4 b5 35. Re2 Rd8 36. Rc2 Rd5 37. Ra2 f6 38. Ra8+ Kf7 39. Rc8 fxe5 40. Rc7+ Kf6 41. Nxg7 exf4 42. Ne8+ Ke5 43. Rxc6 Bd6 1/2-1/2

[Event "LAT-ch"]
[Site "Riga"]
[Date "2021.09.19"]
[Round "4"]
[White "Batashevs, Arsens"]
[Black "Berzinsh, Roland"]
[Result "0-1"]
[WhiteElo "2167"]
[BlackElo "2364"]
[PlyCount "66"]
[EventDate "2021.09.17"]
[EventType "swiss"]
[EventRounds "8"]
[EventCountry "LAT"]
[SourceTitle "EXT 2022"]
[Source "ChessBase"]
[SourceDate "2021.10.06"]
[SourceVersion "1"]
[SourceVersionDate "2021.10.06"]
[SourceQuality "1"]

1. Nf3 d5 2. b3 Nf6 3. Bb2 Bf5 4. c4 e6 5. e3 Nbd7 6. Be2 h6 7. Nc3 c6 8. 0-0 Bd6 9. Nd4 Bh7 10. f4 Nc5 11. d3 a5 12. a3 0-0 13. b4 axb4 14. axb4 Rxa1 15. Bxa1 Ncd7 16. b5 Qc7 17. bxc6 bxc6 18. Qa4 Rc8 19. cxd5 exd5 20. Rf3 Nc5 21. Qd1 Ra8 22. Nc2 Nb3 23. Bb2 Qb6 24. Kh1 Nd2 25. Qxd2 Qxb2 26. Nd1 Qb1 27. Qc3 Ra2 28. Rg3 Bg6 29. Qxc6 Qxc2 30. Qxd6 Qxe2 31. h3 Qxd1+ 32. Kh2 Ra1 33. Rxg6 Qg1+ 0-1